Chămpa ancient towers reality & legend

Gorde:
Xehetasun bibliografikoak
Egile nagusia: Ngô, Văn Doanh
Formatua: Liburua
Hizkuntza:Undetermined
Argitaratua: Hà Nội Thế giới 2002
Gaiak:
Etiketak: Etiketa erantsi
Etiketarik gabe, Izan zaitez lehena erregistro honi etiketa jartzen!
Thư viện lưu trữ: Trung tâm Học liệu Trường Đại học Cần Thơ
LEADER 00516nam a2200193Ia 4500
001 CTU_96002
008 210402s9999 xx 000 0 und d
020 |c 69000 
082 |a 915.97 
082 |b D408 
100 |a Ngô, Văn Doanh 
245 0 |a Chămpa ancient towers reality & legend 
245 0 |c Ngô Văn Doanh 
260 |a Hà Nội 
260 |b Thế giới 
260 |c 2002 
650 |a Temples, Champa 
904 |i Mai Loan 
980 |a Trung tâm Học liệu Trường Đại học Cần Thơ